Premier League and Champions League Winners Quiz Stats

 Plays Quiz not verified by Sporcle

Challenge
Share
Tweet
Embed
Score 0/65 Timer 10:00
0 Plays Today
Premier League Winning Club Player % Correct
ArsenalThierry Henry
91.2%
ChelseaJohn Terry
88.5%
Arsenal, ChelseaAshley Cole
87.8%
Blackburn, Man UtdHenning Berg
87.8%
Man UtdAndy Cole
87.8%
Man UtdCristiano Ronaldo
87.8%
Man UtdRyan Giggs
85.8%
ChelseaFrank Lampard
85.1%
Man UtdPaul Scholes
85.1%
Man UtdWayne Rooney
83.1%
Man Utd, Man CityCarlos Tévez
82.4%
Man UtdDavid Beckham
80.4%
ChelseaRicardo Carvalho
79.1%
ChelseaDidier Drogba
79.1%
Man UtdRio Ferdinand
79.1%
Man UtdDwight Yorke
77.7%
Man UtdNemanja Vidić
77%
Man UtdGary Neville
76.4%
Man UtdPhil Neville
76.4%
Man UtdEdwin van der Sar
75.7%
Man UtdTeddy Sheringham
75%
ChelseaPetr Čech
74.3%
Man CityYaya Touré
74.3%
ChelseaDeco
73.6%
Man UtdNicky Butt
72.3%
ArsenalMarc Overmars
70.9%
Man UtdOwen Hargreaves
70.9%
Man UtdPatrice Evra
69.6%
Man UtdMichael Carrick
67.6%
Man UtdRoy Keane
67.6%
Man UtdOle Gunnar Solskjær
67.6%
Man UtdPeter Schmeichel
66.2%
Man UtdFabien Barthez
64.9%
Premier League Winning Club Player % Correct
Arsenal, ChelseaNicolas Anelka
64.2%
ChelseaPaulo Ferreira
62.8%
ChelseaArjen Robben
62.8%
Man UtdJohn O'Shea
62.2%
Man UtdDenis Irwin
61.5%
ChelseaMichael Essien
59.5%
Man UtdWes Brown
59.5%
Man UtdNani
59.5%
Man UtdJaap Stam
57.4%
Man UtdAnderson
56.1%
Man UtdGerard Piqué
56.1%
Man UtdDarren Fletcher
54.1%
ChelseaClaude Makélélé
52%
Man UtdRonny Johnsen
50.7%
ChelseaBranislav Ivanović
49.3%
ChelseaFlorent Malouda
48.6%
ChelseaSalomon Kalou
47.3%
Man UtdDavid May
45.9%
Man UtdJesper Blomqvist
44.6%
Man UtdPark Ji-Sung
42.6%
ChelseaJuliano Belletti
40.5%
ArsenalGiovanni van Bronckhorst
39.2%
ArsenalNwankwo Kanu
35.8%
Man CityMario Balotelli
34.5%
Man UtdLouis Saha
31.1%
ChelseaEiður Guðjohnsen
29.7%
Man UtdHenrik Larsson
29.7%
Man UtdMikaël Silvestre
26.4%
ChelseaGeremi
20.9%
Man UtdRaimond van der Gouw
19.6%
Man UtdTomasz Kuszczak
14.2%
ChelseaDaniel Sturridge
12.2%

You're not logged in!

Compare scores with friends on all Sporcle quizzes.
OR
Log In

You Might Also Like...

Show Comments

Extras

Top Quizzes Today


Score Distribution

Your Account Isn't Verified!

In order to create a playlist on Sporcle, you need to verify the email address you used during registration. Go to your Sporcle Settings to finish the process.

Report this User

Report this user for behavior that violates our Community Guidelines.

Details: